[Event "Lignano Sabbiadoro op 6th"]
[Site "Lignano Sabbiadoro"]
[Date "2020.08.05"]
[Round "5"]
[White "Siclari, Giovanni"]
[Black "Varga, Peter"]
[Result "1/2-1/2"]
[WhiteElo "2247"]
[BlackElo "2371"]
[PlyCount "65"]
[EventDate "2020.08.01"]
[EventType "swiss"]
[EventRounds "9"]
[EventCountry "ITA"]
[SourceTitle "EXT 2021"]
[Source "ChessBase"]
[SourceDate "2020.10.23"]
[SourceVersion "1"]
[SourceVersionDate "2020.10.23"]
[SourceQuality "1"]

1. Nf3 d5 2. d4 c6 3. c4 Nf6 4. Nc3 dxc4 5. a4 Bf5 6. Nh4 Bc8 7. e3 e5 8. Bxc4 exd4 9. exd4 Be7 10. 0-0 0-0 11. Re1 a5 12. Nf3 Na6 13. Qb3 Nb4 14. Bf4 Bf5 15. Rac1 Nfd5 16. Nxd5 cxd5 17. Bb5 Bd6 18. Bg3 Bxg3 19. hxg3 Rc8 20. Rxc8 Qxc8 21. Qc3 Qd8 22. Qd2 Qd6 23. Rc1 f6 24. Rc3 Rc8 25. Qe2 Rd8 26. Re3 Kf7 27. Nh4 Be4 28. Qh5+ Bg6 29. Qe2 Nc6 30. Bxc6 Qxc6 31. Re7+ Kf8 32. Qe6 Qc1+ 33. Kh2 1/2-1/2

[Event "Lignano Sabbiadoro op 5th"]
[Site "Lignano Sabbiadoro"]
[Date "2019.08.01"]
[Round "7"]
[White "Di Trapani, Davide"]
[Black "Siclari, Giovanni"]
[Result "1/2-1/2"]
[WhiteElo "2200"]
[BlackElo "2203"]
[PlyCount "75"]
[EventDate "2019.07.27"]
[EventType "swiss"]
[EventRounds "9"]
[EventCountry "ITA"]
[SourceTitle "CBM 191 Extra"]
[Source "ChessBase"]
[SourceDate "2019.09.30"]
[SourceVersion "1"]
[SourceVersionDate "2019.09.30"]
[SourceQuality "1"]

1. e4 c5 2. Nf3 e6 3. d4 cxd4 4. Nxd4 a6 5. Nc3 Qc7 6. Qf3 Bb4 7. Bd2 Nf6 8. Bd3 Nc6 9. Nxc6 dxc6 10. Qg3 Qxg3 11. hxg3 e5 12. f3 Be6 13. 0-0-0 Nd7 14. g4 f6 15. a3 Be7 16. Rh5 Kf7 17. Rdh1 h6 18. Nd1 Rhd8 19. Ne3 Nc5 20. Bc4 b5 21. Bxe6+ Nxe6 22. Nf5 Bd6 23. Rd1 Bc7 24. Rhh1 Bb6 25. Bb4 Nd4 26. Nxd4 Rxd4 27. Rxd4 exd4 28. Be1 c5 29. Bg3 Re8 30. Rh5 Rd8 31. e5 Rd5 32. exf6 Rxh5 33. gxh5 Kxf6 34. Bd6 Ke6 35. Bf8 Kf7 36. Bd6 Ke6 37. Bf8 Kf7 38. Bd6 1/2-1/2

[Event "Lignano Sabbiadoro op 5th"]
[Site "Lignano Sabbiadoro"]
[Date "2019.07.31"]
[Round "6"]
[White "Siclari, Giovanni"]
[Black "Ristic, Nenad"]
[Result "0-1"]
[WhiteElo "2203"]
[BlackElo "2376"]
[PlyCount "106"]
[EventDate "2019.07.27"]
[EventType "swiss"]
[EventRounds "9"]
[EventCountry "ITA"]
[SourceTitle "CBM 191 Extra"]
[Source "ChessBase"]
[SourceDate "2019.09.30"]
[SourceVersion "1"]
[SourceVersionDate "2019.09.30"]
[SourceQuality "1"]

1. Nf3 g6 2. c4 Bg7 3. e4 e5 4. d4 exd4 5. Nxd4 Nf6 6. Nc3 0-0 7. Be2 Re8 8. f3 c6 9. Nb3 a5 10. a4 Na6 11. c5 b6 12. Be3 Nxc5 13. Nxc5 bxc5 14. Bxc5 d5 15. 0-0 Be6 16. exd5 Nxd5 17. Bd4 Rb8 18. Bxg7 Kxg7 19. Qd4+ Nf6 20. Qxd8 Rexd8 21. Rfd1 Nd5 22. Nxd5 Rxd5 23. Rxd5 Bxd5 24. Rc1 Rxb2 25. Bc4 Rb4 26. Bxd5 cxd5 27. Rc5 Rxa4 28. Rxd5 h5 29. h4 Kf6 30. Kf2 Ke6 31. Rb5 Kd6 32. Rb7 Rf4 33. Ke3 Rf5 34. g4 Kc6 35. Ra7 Kb6 36. Rd7 Rf6 37. gxh5 gxh5 38. Rd5 a4 39. Rxh5 a3 40. Rd5 a2 41. Rd1 Kb5 42. Ra1 Ra6 43. Kf4 Kb4 44. Kg5 Rg6+ 45. Kf5 Kb3 46. h5 Rh6 47. Kg5 Rh8 48. f4 Kb2 49. Re1 a1Q 50. Rxa1 Kxa1 51. h6 Kb2 52. Kf6 Rh7 53. Ke7 Kc3 0-1

[Event "Lignano Sabbiadoro op 4th"]
[Site "Lignano Sabbiadoro"]
[Date "2018.07.30"]
[Round "2"]
[White "Ristic, Nenad"]
[Black "Siclari, Giovanni"]
[Result "1-0"]
[WhiteElo "2356"]
[BlackElo "2185"]
[PlyCount "45"]
[EventDate "2018.07.29"]
[EventType "swiss"]
[EventRounds "9"]
[EventCountry "ITA"]
[SourceTitle "CBM 185 Extra"]
[Source "ChessBase"]
[SourceDate "2018.07.29"]
[SourceVersion "1"]
[SourceVersionDate "2018.07.29"]
[SourceQuality "1"]

1. e4 c5 2. Nf3 e6 3. Nc3 a6 4. g3 Nc6 5. Bg2 g6 6. d4 cxd4 7. Nxd4 Bg7 8. Be3 Nge7 9. Qd2 Ne5 10. Qe2 Qc7 11. 0-0 Nc4 12. Ndb5 axb5 13. Nxb5 Qc6 14. Qxc4 Qxc4 15. Nd6+ Kf8 16. Nxc4 b5 17. Nb6 Rb8 18. c3 Nc6 19. Rfd1 Ke8 20. Bf1 b4 21. cxb4 Bxb2 22. Rab1 Be5 23. Rbc1 1-0

[Event "Arco Christmas op 8th"]
[Site "Arco"]
[Date "2017.12.27"]
[Round "3"]
[White "Zenari, Marco"]
[Black "Siclari, Giovanni"]
[Result "0-1"]
[WhiteElo "2019"]
[BlackElo "2194"]
[PlyCount "182"]
[EventDate "2017.12.26"]
[EventType "swiss"]
[EventRounds "7"]
[EventCountry "ITA"]
[SourceTitle "CBM 182 Extra"]
[Source "ChessBase"]
[SourceDate "2018.02.23"]
[SourceVersion "1"]
[SourceVersionDate "2018.02.23"]
[SourceQuality "1"]

1. e4 c5 2. Nf3 e6 3. d4 cxd4 4. Nxd4 a6 5. Nc3 Qc7 6. Be2 Nf6 7. 0-0 Nc6 8. Be3 Bb4 9. Na4 Be7 10. Nxc6 bxc6 11. Nb6 Rb8 12. Nxc8 Qxc8 13. Bd4 c5 14. Bc3 0-0 15. Qd3 d5 16. exd5 Nxd5 17. Be5 Rb6 18. Rfd1 Bf6 19. Bxf6 Nxf6 20. b3 Nd5 21. Bf3 Ne7 22. Qd7 Nf5 23. Qa7 Qb8 24. Rd7 Nd4 25. Be4 Qxa7 26. Rxa7 Nb5 27. Rd7 Rd6 28. Rxd6 Nxd6 29. Bd3 a5 30. Rd1 Rd8 31. Kf1 Kf8 32. Ke2 Ke7 33. Re1 g6 34. Kd2 Rc8 35. Kc3 Kd7 36. Rd1 Ke7 37. f3 h5 38. g3 Rb8 39. a3 Rc8 40. Re1 Kf6 41. Rd1 Ke7 42. Kb2 Rb8 43. Kc1 Rb7 44. Kd2 Kd7 45. Kc3 Ke7 46. Rb1 Rc7 47. Re1 Kf6 48. Rd1 Ke7 49. Rd2 Rc8 50. Ba6 Rc6 51. Bd3 Rc8 52. Re2 Kf6 53. f4 Rc7 54. Re5 Ke7 55. Kb2 Kd7 56. c3 Kc6 57. b4 axb4 58. axb4 cxb4 59. cxb4 Kb6 60. Kb3 Rc1 61. Ra5 Rd1 62. Kc3 Rc1+ 63. Kd4 Re1 64. Ra6+ Kc7 65. Ra7+ Kb6 66. Ra6+ Kc7 67. b5 Rd1 68. Ra7+ Kb6 69. Ra6+ Kc7 70. Kc3 Rh1 71. Ra7+ Kb6 72. Ra6+ Kc7 73. Ra2 Rd1 74. Ra7+ Kb6 75. Ra6+ Kc7 76. Rc6+ Kd7 77. Bc4 Rb1 78. Kc2 Nxb5 79. Rc5 Na3+ 80. Kd3 Nxc4 81. Rxc4 Rb2 82. Ke4 Rxh2 83. Ra4 Ke7 84. Ra7+ Kf6 85. Ra5 Rd2 86. Rb5 Rd5 87. Rb7 Ra5 88. Rb3 Ra4+ 89. Kf3 Ra5 90. Ke4 Ra1 91. Rb5 Ra3 0-1

[Event "Lignano Sabbiadoro op 3rd"]
[Site "Lignano Sabbiadoro"]
[Date "2017.08.06"]
[Round "9"]
[White "Loiacono, Antonio"]
[Black "Siclari, Giovanni"]
[Result "1-0"]
[WhiteElo "2162"]
[BlackElo "2206"]
[PlyCount "61"]
[EventDate "2017.07.30"]
[EventType "swiss"]
[EventRounds "9"]
[EventCountry "ITA"]
[SourceTitle "CBM 179 Extra"]
[Source "ChessBase"]
[SourceDate "2017.08.23"]
[SourceVersion "1"]
[SourceVersionDate "2017.08.23"]
[SourceQuality "1"]

1. e4 c5 2. Nf3 e6 3. d4 cxd4 4. Nxd4 a6 5. Nc3 Qc7 6. Be2 Nf6 7. a3 b5 8. 0-0 Bb7 9. Bd3 d6 10. Re1 Nbd7 11. Nb3 Be7 12. Bf1 Ne5 13. g3 0-0 14. Bg2 Rac8 15. f4 Nc4 16. g4 Nxa3 17. g5 Nd7 18. Rxa3 b4 19. Ra2 bxc3 20. Re3 cxb2 21. Rxb2 g6 22. Rh3 f5 23. Nd4 Nc5 24. Rxb7 Qxb7 25. exf5 Qb1 26. fxg6 hxg6 27. Ne2 Kf7 28. Rh7+ Ke8 29. h4 d5 30. h5 Ne4 31. Rxe7+ 1-0

[Event "Lignano Sabbiadoro op 3rd"]
[Site "Lignano Sabbiadoro"]
[Date "2017.08.04"]
[Round "7"]
[White "Siclari, Giovanni"]
[Black "Laketic, Milica"]
[Result "1-0"]
[WhiteElo "2206"]
[BlackElo "2074"]
[PlyCount "101"]
[EventDate "2017.07.30"]
[EventType "swiss"]
[EventRounds "9"]
[EventCountry "ITA"]
[SourceTitle "CBM 179 Extra"]
[Source "ChessBase"]
[SourceDate "2017.08.23"]
[SourceVersion "1"]
[SourceVersionDate "2017.08.23"]
[SourceQuality "1"]

1. Nf3 d5 2. d4 Nf6 3. c4 e6 4. Nc3 Be7 5. Bg5 Nbd7 6. e3 0-0 7. Rc1 a6 8. c5 c6 9. Bd3 h6 10. Bf4 Nh5 11. 0-0 Nxf4 12. exf4 b6 13. cxb6 Nxb6 14. Na4 Bd6 15. Ne5 Bxe5 16. fxe5 Nxa4 17. Qxa4 Bd7 18. Bb1 f5 19. Qa3 Qb6 20. Rfd1 a5 21. Bc2 Rfb8 22. Rb1 Qd8 23. Qd6 Rb4 24. a3 Rb6 25. Ba4 Ra7 26. Qc5 Qb8 27. b3 Be8 28. Rbc1 f4 29. Qc3 Bh5 30. Rd3 Qf8 31. Qc5 Qxc5 32. Rxc5 Be2 33. Rdc3 Bb5 34. Bxb5 cxb5 35. Rc2 Kf7 36. g3 fxg3 37. hxg3 g5 38. Kg2 Rb8 39. Rc6 Rbb7 40. Kf3 Ke7 41. Kg4 Kf7 42. Kh5 Kg7 43. Rxe6 Rc7 44. Rg6+ Kf8 45. Rxc7 Rxc7 46. Rb6 a4 47. Rxb5 axb3 48. Rxb3 Rc6 49. f4 gxf4 50. gxf4 Ke7 51. f5 1-0

[Event "Biella op-A 7th"]
[Site "Biella"]
[Date "2016.09.24"]
[Round "2.3"]
[White "Siclari, Giovanni"]
[Black "Basso, Pier Luigi"]
[Result "0-1"]
[WhiteElo "2195"]
[BlackElo "2455"]
[PlyCount "74"]
[EventDate "2016.09.23"]
[EventType "swiss"]
[EventRounds "5"]
[EventCountry "ITA"]
[SourceTitle "EXT 2024"]
[Source "ChessBase"]
[SourceDate "2023.10.10"]
[SourceVersion "1"]
[SourceVersionDate "2023.10.10"]
[SourceQuality "1"]

1. Nf3 d5 2. d4 Nf6 3. c4 e6 4. Nc3 Nbd7 5. Bg5 c6 6. e3 Qa5 7. cxd5 Nxd5 8. Qd2 Bb4 9. Rc1 h6 10. Bh4 b6 11. a3 Bxc3 12. bxc3 c5 13. Bd3 Ba6 14. 0-0 cxd4 15. Bxa6 Qxa6 16. Qxd4 0-0 17. e4 Nf4 18. Qxd7 Ne2+ 19. Kh1 Nxc1 20. Rxc1 Qxa3 21. Qd2 Rfc8 22. Nd4 a5 23. f4 a4 24. f5 Qd6 25. Qe3 e5 26. Qg3 Kh7 27. f6 g6 28. Nf3 a3 29. Qh3 a2 30. Bg5 h5 31. g4 a1Q 32. gxh5 Qd1+ 33. Rxd1 Qxd1+ 34. Kg2 Qe2+ 35. Kg3 Qxf3+ 36. Kxf3 Rxc3+ 37. Be3 Rxe3+ 0-1

[Event "Lignano Sabbiadoro op 2nd"]
[Site "Lignano Sabbiadoro"]
[Date "2016.08.01"]
[Round "3"]
[White "Micottis, Dorian"]
[Black "Siclari, Giovanni"]
[Result "1-0"]
[WhiteElo "2248"]
[BlackElo "2195"]
[PlyCount "35"]
[EventDate "2016.07.31"]
[EventType "swiss"]
[EventRounds "9"]
[EventCountry "ITA"]
[SourceTitle "CBM 173 Extra"]
[Source "ChessBase"]
[SourceDate "2016.08.29"]
[SourceVersion "1"]
[SourceVersionDate "2016.08.29"]
[SourceQuality "1"]

1. e4 c5 2. Nf3 e6 3. d4 cxd4 4. Nxd4 Nc6 5. Nc3 Qc7 6. Be3 a6 7. Qf3 Nf6 8. 0-0-0 Be7 9. Be2 0-0 10. g4 d6 11. g5 Nd7 12. h4 b5 13. g6 Nxd4 14. gxh7+ Kh8 15. Bxd4 b4 16. Bxg7+ Kxg7 17. Rdg1+ Kh8 18. Qg4 1-0

[Event "Bad Ragaz op 11th"]
[Site "Bad Ragaz"]
[Date "2016.03.27"]
[Round "6"]
[White "Siclari, Giovanni"]
[Black "Filipovic, Branko"]
[Result "0-1"]
[WhiteElo "2168"]
[BlackElo "2368"]
[PlyCount "88"]
[EventDate "2016.03.24"]
[EventType "swiss"]
[EventRounds "7"]
[EventCountry "SUI"]
[SourceTitle "EXT 2018"]
[Source "ChessBase"]
[SourceDate "2017.10.13"]
[SourceVersion "1"]
[SourceVersionDate "2017.10.13"]
[SourceQuality "1"]

1. Nf3 Nf6 2. c4 b6 3. g3 Bb7 4. Bg2 g6 5. 0-0 Bg7 6. Nc3 0-0 7. d4 Ne4 8. Nxe4 Bxe4 9. Bg5 d6 10. Qd2 Re8 11. Rac1 Nd7 12. d5 Nf6 13. Qe3 c5 14. dxc6 Bxc6 15. b4 h6 16. Bxf6 exf6 17. Qd2 Qe7 18. e3 f5 19. Rfd1 Red8 20. Nd4 Bxg2 21. Kxg2 Qb7+ 22. Kg1 a6 23. Nb3 Qc7 24. Qd5 Bb2 25. Rc2 Ba3 26. Nd4 Bxb4 27. Nc6 Bc5 28. Nxd8 Rxd8 29. e4 fxe4 30. Qxe4 Qd7 31. Re1 h5 32. Qh4 d5 33. cxd5 Qxd5 34. Qe4 Qg5 35. h4 Qxg3+ 36. Qg2 Qxh4 37. Rce2 Kg7 38. Re4 Qf6 39. Qg3 Rd5 40. Rf4 Rg5 41. Rxf6 Rxg3+ 42. Kf1 Ra3 43. Rf4 Rxa2 44. Rd1 f5 0-1

[Event "Omegna op-A 3rd"]
[Site "Omegna"]
[Date "2015.08.07"]
[Round "1"]
[White "Siclari, Giovanni"]
[Black "Leuthold, Cyrill"]
[Result "1-0"]
[WhiteElo "2090"]
[BlackElo "1810"]
[PlyCount "83"]
[EventDate "2015.08.07"]
[EventType "swiss"]
[EventRounds "5"]
[EventCountry "ITA"]
[SourceTitle "EXT 2024"]
[Source "ChessBase"]
[SourceDate "2023.10.10"]
[SourceVersion "1"]
[SourceVersionDate "2023.10.10"]
[SourceQuality "1"]

1. Nf3 b6 2. e4 e6 3. d4 Bb7 4. Bd3 Nf6 5. Nc3 Bb4 6. Bg5 h6 7. Bxf6 Qxf6 8. 0-0 Bxc3 9. bxc3 d6 10. Nd2 g5 11. a4 a5 12. Bb5+ Kf8 13. Qe2 e5 14. Qe3 Nc6 15. Bxc6 Bxc6 16. g3 Re8 17. d5 Bd7 18. c4 Bg4 19. f3 Bd7 20. Nb1 h5 21. Nc3 Ke7 22. Nb5 Bxb5 23. cxb5 Qg6 24. Qc3 Kd7 25. Qc6+ Kd8 26. Ra3 Rh7 27. Qa8+ Kd7 28. Qc6+ Kd8 29. c4 g4 30. c5 dxc5 31. Qxg6 fxg6 32. fxg4 hxg4 33. Rf6 Reh8 34. Ra2 Rh6 35. Rd2 Kc8 36. Re6 Kb7 37. Rxe5 Rh5 38. Re6 g5 39. Re7 Kc8 40. Rg7 R8h6 41. e5 Kd8 42. Rf2 1-0